书目信息 |
| 题名: |
体育竞赛规则大全
|
|
| 作者: | 人民体育出版社编 | |
| 分册: | ||
| 出版信息: | 人民体育出版社 1988.02 |
|
| 页数: | 1726页 | |
| 开本: | 19cm | |
| 丛书名: | ||
| 单 册: | ||
| 中图分类: | G811.31-62 | |
| 科图分类: | ||
| 主题词: | 体育事业--世界 | |
| 电子资源: | ||
| ISBN: | 7-5009-0056-2 | |
| 000 | 00694nam0 2200229 45 | |
| 001 | 9911301546 | |
| 005 | 20250425160010.15 | |
| 010 | @a7-5009-0056-2@b精装@d28.00 | |
| 100 | @a19991130d1988 km y0chiy0120 ea | |
| 101 | @achi | |
| 102 | @aCN@b110000 | |
| 105 | @a z 000yy | |
| 200 | 1 | @a体育竞赛规则大全@ATi Yu Jing Sai Gui Ze Da Quan@f人民体育出版社编@FRen Min Ti Yu Chu Ban She Bian |
| 210 | @c人民体育出版社@d1988.02 | |
| 210 | @a北京@c人民体育出版社 | |
| 215 | @a1726页@c无图表@d19cm | |
| 300 | @a体育竞赛规则大全 | |
| 330 | @a体育竞赛规则大全 | |
| 606 | 0 | @a体育事业@x世界 |
| 690 | @aG811.31-62@v3 | |
| 801 | @aCN@bPerfectUser@c19991130 | |
| 905 | @aBZT@b23144@f1@dG811.31-62@e1 | |
| 体育竞赛规则大全/人民体育出版社编.-人民体育出版社,1988.02.-北京:人民体育出版社 |
| 1726页:无图表;19cm |
| 体育竞赛规则大全 |
| ISBN 7-5009-0056-2(精装):28.00 |
| 体育竞赛规则大全 |
| ● |
| 相关链接 |
|
|
|
正题名:体育竞赛规则大全
索取号:G811.31-62/1
 
预约/预借
| 序号 | 登录号 | 条形码 | 馆藏地/架位号 | 状态 | 备注 |
| 1 | 2001061226 | 2001061226 | 样本书库/样008架B面5层3列/ [索取号:G811.31-62/1] | 在馆 | |
| 2 | 2001742711 | 2001742711 | 特藏书库/藏8架B面1列2层/ [索取号:G811.31-62/1] | 在馆 |